Vidnyanatil gamati (Record no. 92851)

MARC details
000 -LEADER
fixed length control field 00442nam a2200169Ia 4500
008 - FIXED-LENGTH DATA ELEMENTS--GENERAL INFORMATION
fixed length control field 230125s9999 xx 000 0 und d
041 ## - LANGUAGE CODE
Language code of text/sound track or separate title eng
082 ## - DEWEY DECIMAL CLASSIFICATION NUMBER
Classification number 891.463
Item number KAN
100 ## - MAIN ENTRY--PERSONAL NAME
Personal name Kanitkar B M
9 (RLIN) 115082
245 ## - TITLE STATEMENT
Title Vidnyanatil gamati
260 ## - PUBLICATION, DISTRIBUTION, ETC. (IMPRINT)
Date of publication, distribution, etc. 1994
Name of publisher, distributor, etc. Kulkarni granthagar
Place of publication, distribution, etc. Pune
300 ## - PHYSICAL DESCRIPTION
Extent 96p
500 ## - GENERAL NOTE
Keywords Literature;Marathi Literature
650 ## - SUBJECT ADDED ENTRY--TOPICAL TERM
Topical term or geographic name as entry element Marathi Literature
700 ## - ADDED ENTRY--PERSONAL NAME
Personal name Kanitkar B M
9 (RLIN) 115082
Holdings
Withdrawn status Lost status Damaged status Not for loan Home library Current library Date acquired Vendor Full call number Barcode Date last seen Bill Date Koha item type Original Barcode
        Smt. Hiraben Nanavati Institute of Management & Research for Women Smt. Hiraben Nanavati Institute of Management & Research for Women 07/07/2005 Satya Gilani 891.463 KAN DB0923 HIMR-DB-923 25/01/2023 07/06/2005 Donated Book DB0923